000 00503nmm a2200157Ia 4500
008 251105s9999||||xx |||||||||||||||||und||
020 _a9788493655440
041 _aspa
100 _aPotau Escur, Sara
245 0 _aNoruega. Preparar el viaje: guía práctica :
_b La guía básica para descubrir el país
264 _a[Madrid, España] :
_bEcos Travel Books,
_c2009
300 _a160 páginas
490 _aMundo Insólito
856 _uhttps://public.digitaliapublishing.com/a/50756
942 _cCF
999 _c89192
_d89192